A first course in fluid dynamics / (Record no. 8935)
[ view plain ]
| 000 -LEADER | |
|---|---|
| fixed length control field | 00869cam a2200289 a 4500 |
| 001 - CONTROL NUMBER | |
| control field | 8935 |
| 003 - CONTROL NUMBER IDENTIFIER | |
| rucl marc code | BD-RjUL |
| 005 - DATE AND TIME OF LATEST TRANSACTION | |
| control field | 20211208234701.0 |
| 008 - FIXED-LENGTH DATA ELEMENTS--GENERAL INFORMATION | |
| fixed length control field | 140119s19851983enka b 001 0 eng d |
| 020 ## - INTERNATIONAL STANDARD BOOK NUMBER | |
| International Standard Book Number | 0521254167 |
| International Standard Book Number | 0521274249 (pbk.) |
| 035 ## - SYSTEM CONTROL NUMBER | |
| System control number | (OCoLC)9080923 |
| System control number | (BD-RjUL)8980 |
| 040 ## - CATALOGING SOURCE | |
| Modifying agency | CStRLIN |
| Original cataloging agency | BD-RjUL |
| Language of cataloging | eng |
| Transcribing agency | BD-RjUL |
| 041 ## - LANGUAGE CODE | |
| Language code of text/sound track or separate title | eng |
| 082 0# - DEWEY DECIMAL CLASSIFICATION NUMBER | |
| Classification number | 532.05 |
| Edition number | 19 |
| Author mark and year | PAF 1985 |
| 100 1# - MAIN ENTRY--PERSONAL NAME | |
| Personal name | Paterson, A. R. |
| Fuller form of name | (Andrew Robert), |
| Dates associated with a name | 1932- |
| 9 (RLIN) | 27759 |
| 245 12 - TITLE STATEMENT | |
| Title | A first course in fluid dynamics / |
| Statement of responsibility, etc. | by A.R. Paterson. |
| 260 ## - PUBLICATION, DISTRIBUTION, ETC. (IMPRINT) | |
| Place of publication, distribution, etc. | Cambridge ; |
| -- | New York : |
| Name of publisher, distributor, etc. | Cambridge University Press, |
| Date of publication, distribution, etc. | 1983 [reprinted 1985]. |
| 300 ## - PHYSICAL DESCRIPTION | |
| Pagination | vii, 528 p. : |
| Illustrations | ill. ; |
| Size | 24 cm. |
| 504 ## - BIBLIOGRAPHY, ETC. NOTE | |
| Bibliography, etc | Includes index. |
| Bibliography, etc | Bibliography: p. [519]-520. |
| 650 #0 - SUBJECT ADDED ENTRY--TOPICAL TERM | |
| Topical term or geographic name as entry element | Fluid dynamics. |
| 9 (RLIN) | 19874 |
| 942 ## - ADDED ENTRY ELEMENTS (KOHA) | |
| Source of classification or shelving scheme | Dewey Decimal Classification |
| Koha item type | Books |
| Lost status | Source of classification or shelving scheme | Damaged status | Not for loan | Collection code | Permanent Location | Current Location | Shelving location | Date acquired | Source of acquisition | Cost, normal purchase price | Total Checkouts | Full call number | Date last seen | Copy number | Koha item type |
|---|---|---|---|---|---|---|---|---|---|---|---|---|---|---|---|
| Dewey Decimal Classification | Non-fiction | Central Library, University of Rajshahi | Central Library, University of Rajshahi | 04/03/1986 | Karim International | 337.50 | 532.05 PAF 1985 | 19/01/2014 | C-2 | Books | |||||
| Dewey Decimal Classification | Not For Loan | Non-fiction | Central Library, University of Rajshahi | Central Library, University of Rajshahi | Reading Room | 01/01/1986 | 6.75 | 532.05 PAF 1983 | 23/03/2017 | C-1 | Books | ||||
| Dewey Decimal Classification | Fiction | Central Library, University of Rajshahi | Central Library, University of Rajshahi | 04/03/1986 | Karim Internationa | 337.50 | 532.05 PAF 1985 | 25/03/2017 | C-3 | Books |